| 000 | 01546cam a22003374a 4500 | ||
|---|---|---|---|
| 999 |
_c332215 _d332215 |
||
| 001 | 12131422 | ||
| 003 | NUST | ||
| 005 | 20171120115518.0 | ||
| 008 | 000804s2001 nyua bf 001 0 eng | ||
| 010 | _a 00062449 | ||
| 020 | _a0071382925 (electronic bk.) | ||
| 020 | _a0071359648 | ||
| 040 |
_aDLC _cDLC _dDLC |
||
| 042 | _apcc | ||
| 050 | 0 | 0 |
_aTD193 _b.D78 2001 |
| 082 | 0 | 0 |
_a628.50287 DRU _221 |
| 100 | 1 |
_aDrum, Donald A. _96541 |
|
| 245 | 1 | 0 |
_aEnvironmental field testing and analysis ready reference handbook / _cDonald A. Drum, Shari L. Bauman, Gershon J. Shugar. |
| 260 |
_aNew York : _bMcGraw-Hill, _cc2001. |
||
| 300 |
_a1 v. (various pagings) : _bill. ; _c25 cm. |
||
| 500 | _aH.B | ||
| 504 | _aIncludes bibliographical references and index. | ||
| 650 | 0 |
_aPollutants _xAnalysis _vHandbooks, manuals, etc. _96542 |
|
| 650 | 0 |
_aEnvironmental sampling _vHandbooks, manuals, etc. _96543 |
|
| 700 | 1 |
_aBauman, Shari L. _96544 |
|
| 700 | 1 |
_aShugar, Gershon J., _d1918- _96545 |
|
| 856 | 4 | 2 |
_3Contributor biographical information _uhttp://www.loc.gov/catdir/bios/mh041/00062449.html |
| 856 | 4 | 2 |
_3Publisher description _uhttp://www.loc.gov/catdir/description/mh021/00062449.html |
| 856 | 4 | 1 |
_3Table of contents _uhttp://www.loc.gov/catdir/toc/mh021/00062449.html |
| 906 |
_a7 _bcbc _corignew _d1 _eocip _f20 _gy-gencatlg |
||
| 942 |
_2ddc _cBK _kIESE |
||